[Event "Campobasso op-A 17th"]
[Site "Campobasso"]
[Date "2010.07.24"]
[Round "4"]
[White "Colucci, Stefano"]
[Black "Cetera, Nicola"]
[Result "1/2-1/2"]
[WhiteElo "1968"]
[BlackElo "1889"]
[PlyCount "55"]
[EventDate "2010.07.22"]
[EventType "swiss"]
[EventRounds "6"]
[EventCountry "ITA"]
[SourceTitle "EXT 2013"]
[Source "ChessBase"]
[SourceDate "2012.11.22"]
[SourceVersion "1"]
[SourceVersionDate "2012.11.22"]
[SourceQuality "1"]

1. d4 e6 2. e4 d5 3. Nc3 Nf6 4. e5 Nfd7 5. Nf3 c5 6. Ne2 cxd4 7. Nexd4 Nc6 8. Nxc6 bxc6 9. Be2 Be7 10. 0-0 0-0 11. Re1 a5 12. Bf4 c5 13. c4 d4 14. b3 Qb6 15. Bd3 Bb7 16. Qe2 Nb8 17. Ng5 Bxg5 18. Bxg5 Qc6 19. Qg4 Kh8 20. Qh3 h6 21. Re4 Qxe4 22. Bxe4 Bxe4 23. Rd1 Nc6 24. Bf4 a4 25. g4 axb3 26. axb3 Kg8 27. g5 hxg5 28. Bxg5 1/2-1/2